000 00581nam a2200205Ia 4500
005 20250923145512.0
008 008 250917s9999 xx 000 0 eng d
037 _aTextual
040 _aDSWL
_beng
_cDSWL
041 _aeng
_2eng
084 _aY11:4.2, N79
_qDSWL
100 _aChhabra, R.
_9835989
245 4 _aThe situation of children in India
_c by R. Chhabra
260 _aSweden
_bSIDA, Inf. Division
_c1979
300 _a58p.
365 _aINR
700 _a W. Pettersson
_9835990
942 _cTEXL
_hY11:4.2, N79
999 _c1452136
_d1452136